Bioregulatory functions of thrombin / (Record no. 163400)

MARC details
000 -LEADER
fixed length control field 01254pam a2200313 a 4500
008 - FIXED-LENGTH DATA ELEMENTS--GENERAL INFORMATION
fixed length control field
020 ## - INTERNATIONAL STANDARD BOOK NUMBER
International Standard Book Number 0897663659
020 ## - INTERNATIONAL STANDARD BOOK NUMBER
International Standard Book Number 0897663667 (pbk.)
049 ## - LOCAL HOLDINGS (OCLC)
Holding library MAIN
090 0# - LOCALLY ASSIGNED LC-TYPE CALL NUMBER (OCLC); LOCAL CALL NUMBER (RLIN)
Classification number (OCLC) (R) ; Classification number, CALL (RLIN) (NR) QP93.5BIO
003 - CONTROL NUMBER IDENTIFIER
control field
005 - DATE AND TIME OF LATEST TRANSACTION
control field 20230123134307.0
040 ## - CATALOGING SOURCE
Transcribing agency NUST
245 00 - TITLE STATEMENT
Title Bioregulatory functions of thrombin /
Statement of responsibility, etc. edited by Daniel A. Walz, John W. Fenton II, and Marc A. Shuman.
260 ## - PUBLICATION, DISTRIBUTION, ETC.
Place of publication, distribution, etc. New York, N.Y. :
Name of publisher, distributor, etc. New York Academy of Sciences,
Date of publication, distribution, etc. 1986.
300 ## - PHYSICAL DESCRIPTION
Extent 450 p. :
Other physical details ill. ;
Dimensions 24 cm.
440 #0 - SERIES STATEMENT/ADDED ENTRY--TITLE
Title Annals of the New York Academy of Sciences,
International Standard Serial Number 0077-8923 ;
Volume/sequential designation v. 485
500 ## - GENERAL NOTE
General note "This volume is the result of a conference entitled Conference on Bioregulatory Functions of Thrombin, held in New York City on February 5-7, 1986, by the New York Academy of Sciences"--P. following t.p.
500 ## - GENERAL NOTE
General note Includes index.
504 ## - BIBLIOGRAPHY, ETC. NOTE
Bibliography, etc. note Includes bibliographical references.
650 #2 - SUBJECT ADDED ENTRY--TOPICAL TERM
Topical term or geographic name entry element Thrombin
General subdivision congresses.
700 1# - ADDED ENTRY--PERSONAL NAME
Personal name Walz, Daniel A.
700 1# - ADDED ENTRY--PERSONAL NAME
Personal name Fenton, John W.
700 1# - ADDED ENTRY--PERSONAL NAME
Personal name Shuman, Marc A.
710 2# - ADDED ENTRY--CORPORATE NAME
Corporate name or jurisdiction name as entry element New York Academy of Sciences.
711 2# - ADDED ENTRY--MEETING NAME
Meeting name or jurisdiction name as entry element Conference on Bioregulatory Functions of Thrombin
Date of meeting or treaty signing (1986 :
Location of meeting New York, N.Y.)
907 ## - LOCAL DATA ELEMENT G, LDG (RLIN)
a .b10220513
b 23-11-06
c 22-11-06
942 ## - ADDED ENTRY ELEMENTS (KOHA)
Koha item type Ordinary Loan Books
Call number prefix QP93.5BIO
Holdings
Date last seen Total Checkouts Full call number Barcode Cost, replacement price Price effective from Koha item type Lost status Source of classification or shelving scheme Damaged status Not for loan Collection Withdrawn status Home library Current library Shelving location Date acquired Cost, normal purchase price
01/23/2023   QP93.5 BIO 92004005533 80.00 01/23/2023 BOOKS   LCC     NFIC   MAIN MAIN GEN 01/23/2023 80.00